LEADER 01078nam a2200277 i 4500 001 991002055479707536 008 130515s2012 it b 000 0 ita d 020 $a9788806213282 :$c17.00 EUR 035 $ab14113806-39ule_inst 040 $aFacoltà SSPT$bita 082 0 $a149.2 245 00$aBentornata realtà :$bil nuovo realismo in discussione /$cAkeel Bilgrami ... [et al.] ; a cura di Mario De Caro e Maurizio Ferraris 260 $aTorino :$bEinaudi,$cc2012 300 $axi, 230 p. ;$c22 cm 440 0$aEinaudi.$pStile libero extra 650 4$aRealismo 650 4$aFilosofia moderna$ySec. 20. 700 1 $aBilgrami, Akeel$eauthor$4http://id.loc.gov/vocabulary/relators/aut$0732400 700 1 $aDe Caro, Mario 700 1 $aFerraris, Maurizio 907 $a.b14113806$b02-04-14$c15-05-13 912 $a991002055479707536 945 $aLE021 149.20 BIL01.01$g1$i2020000045397$lle021$op$pE17.00$q-$rn$s- $t0$u0$v0$w0$x0$y.i15517159$z17-06-13 996 $aBentornata realtà$91442959 997 $aUNISALENTO 998 $ale020$b15-05-13$cm$da $e-$fita$git $h0$i0 LEADER 01440nas 2200361 n 450 001 990008959830403321 005 20240229084256.0 011 $a0269-0802 035 $a000895983 035 $aFED01000895983 035 $a(Aleph)000895983FED01 035 $a000895983 091 $2CNR$aP 00049972 100 $a20161109a19869999km-y0itaa50------ba 101 0 $aeng 102 $aGB 110 $aauu-------- 200 1 $aEuropean Patent Office reports 207 1$a1986- 210 $aOxford$cESC Publishing 530 0 $aEuropean Patent Office reports 675 $a347.77 676 $a608.74 801 0$aIT$bACNP$c20090723 859 4 $uhttp://acnp.cib.unibo.it/cgi-ser/start/it/cnr/dc-p1.tcl?catno=34018&person=false&language=ITALIANO&libr=&libr_th=unina1$zBiblioteche che possiedono il periodico 901 $aSE 912 $a990008959830403321 958 $aBRAU. Biblioteca di Ricerca di Area Umanistica$b1992-2006;$c1996;$eSP - Per. ingl. estinto 177$fFLFBC 959 $aFLFBC 996 $aEuropean Patent Office reports$9795253 997 $aUNINA AP1 8 $6866-01$aNA072 BRAU. Biblioteca di Ricerca di Area Umanistica$bSP - Per. ingl. estinto 177$ePiazza Bellini 56/60, 80133 Napoli (NA)$m(081) 2533948$nit AP2 40$aacnp.cib.unibo.it$nACNP Italian Union Catalogue of Serials$uhttp://acnp.cib.unibo.it/cgi-ser/start/it/cnr/df-p.tcl?catno=34018&language=ITALIANO&libr=&person=&B=1&libr_th=unina&proposto=NO